000 00181 a2200097 4500
041 _aspa
100 _aLaura Fernandez
245 _aPajaros en la Cabeza
942 _cBK
952 _71
999 _c24926
_d24926